000 00383 a2200109 4500
001 ART_2070
005 20260410161722.0
008 260409a
245 1 0 _aLa capacitación de gerentes de empresas públicas industriales en materia tecnológicas
100 1 _aSaravia, Enrique
773 0 _tAdministración de empresas
_g- Año XVII, Nº 202 (ene. 1987)
_wREV2036
999 _c17087
_d17087